[Event "9eme Open International de La Fere"]
[Site "La Fere (FRA)"]
[Date "2010.??.??"]
[Round "6.17"]
[White "Barbry, Quentin"]
[Black "Pytel, Bozena"]
[Result "0-1"]
[WhiteElo "1565"]
[BlackElo "1964"]
[PlyCount "68"]
[EventDate "2010.07.07"]

1. e4 e5 2. Nf3 Nc6 3. Bc4 Bc5 4. c3 Nf6 5. d3 O-O 6. O-O d6 7. Re1 Be6 8. Bb3
Bb6 9. Nbd2 Qe7 10. Nf1 Ng4 11. Be3 Nxe3 12. Nxe3 Qf6 13. Nd5 Bxd5 14. Bxd5 Nd8
15. Qd2 c6 16. Bb3 Ne6 17. Bxe6 fxe6 18. Re2 h6 19. Rf1 Rf7 20. Kh1 Raf8 21. b4
Qg6 22. Ng1 Qh5 23. f3 g5 24. Ree1 Kh7 25. Qd1 Qg6 26. a4 a5 27. Nh3 axb4 28.
cxb4 Bd4 29. Qc1 Qf6 30. Nf2 h5 31. h3 Rg7 32. Rd1 g4 33. hxg4 hxg4 34. Nxg4
Rxg4 0-1

[Event "9eme Open International de La Fere"]
[Site "La Fere (FRA)"]
[Date "2010.??.??"]
[Round "6.18"]
[White "Ben Porat, Zeev"]
[Black "Fauchart, Francois"]
[Result "1-0"]
[WhiteElo "1956"]
[BlackElo "1608"]
[PlyCount "71"]
[EventDate "2010.07.07"]

1. e4 e5 2. Nc3 Nf6 3. f4 d6 4. Nf3 Nc6 5. Bb5 Bd7 6. O-O Be7 7. d3 O-O 8. Kh1
a6 9. Bxc6 Bxc6 10. fxe5 Ng4 11. Bf4 f5 12. exd6 Bxd6 13. Bg5 Qe8 14. Qe1 h6
15. Bh4 g5 16. Bg3 f4 17. Bf2 Qh5 18. h3 Nxf2+ 19. Qxf2 Rae8 20. Rae1 b6 21. d4
g4 22. Qh4 Qxh4 23. Nxh4 gxh3 24. gxh3 Bd7 25. Rf3 Bb4 26. Ng6 Rf6 27. Ne5 Bb5
28. Rg1+ Kh7 29. Nd5 Be7 30. c4 Bc6 31. Nxf6+ Bxf6 32. Nxc6 Rxe4 33. Rgf1 Bg5
34. h4 Re6 35. d5 Bxh4 36. dxe6 1-0

[Event "9eme Open International de La Fere"]
[Site "La Fere (FRA)"]
[Date "2010.07.07"]
[Round "6.19"]
[White "Perche, Louis"]
[Black "Mestdagh, Franck"]
[Result "0-1"]
[WhiteElo "1545"]
[BlackElo "1944"]
[PlyCount "56"]
[EventDate "2010.07.07"]

1. e4 c5 2. Nf3 e6 3. d4 cxd4 4. Nxd4 Nf6 5. Nc3 a6 6. Bg5 d6 7. Bd3 Be7 8. O-O
Nbd7 9. Bxf6 Bxf6 10. Nf3 b5 11. a3 Qc7 12. Qd2 Bb7 13. Rfe1 Rc8 14. Bxb5 Bxc3
15. Bxd7+ Kxd7 16. bxc3 Qxc3 17. Qxc3 Rxc3 18. Re2 Rhc8 19. Ra2 R8c4 20. Rd2
Rxe4 21. h3 Ke7 22. Nd4 h5 23. Ne2 Rc5 24. Rb2 Bd5 25. Ng3 Ra4 26. Rd3 g6 27.
Ne2 Rac4 28. c3 Ra4 0-1

[Event "9eme Open International de La Fere"]
[Site "La Fere (FRA)"]
[Date "2010.07.07"]
[Round "6.20"]
[White "Meunier, Samuel"]
[Black "Caloone, Thomas"]
[Result "1-0"]
[WhiteElo "1944"]
[BlackElo "1599"]
[PlyCount "41"]
[EventDate "2010.07.07"]

1. e4 e6 2. d4 d5 3. Nd2 dxe4 4. Nxe4 Nd7 5. Nf3 Ngf6 6. Nxf6+ Nxf6 7. Bg5 Be7
8. Bd3 O-O 9. O-O Nd5 10. Bd2 b6 11. Ne5 Bb7 12. c3 Bd6 13. Qe2 Qc8 14. Rae1
Re8 15. Qh5 g6 16. Qf3 Rf8 17. Bh6 Bxe5 18. dxe5 Rd8 19. Be4 f5 20. exf6 Qd7
21. c4 1-0

[Event "9eme Open International de La Fere"]
[Site "La Fere (FRA)"]
[Date "2010.??.??"]
[Round "6.21"]
[White "Rouffignac, Tanguy"]
[Black "Laufer, Maurice"]
[Result "1-0"]
[WhiteElo "1891"]
[BlackElo "1524"]
[PlyCount "63"]
[EventDate "2010.07.07"]

1. e4 Nf6 2. Nc3 e5 3. f4 d6 4. Nf3 Bg4 5. h3 Bxf3 6. Qxf3 Nc6 7. Bb5 Be7 8.
O-O O-O 9. Bxc6 bxc6 10. fxe5 dxe5 11. d3 Rb8 12. Ne2 c5 13. Ng3 c4 14. Nf5
Bc5+ 15. Kh1 cxd3 16. cxd3 Bd4 17. Bg5 Rb6 18. Qg3 Kh8 19. Bxf6 Qxf6 20. Nxd4
Qg6 21. Qxg6 Rxg6 22. Nf5 Rb6 23. b3 f6 24. Rac1 c6 25. Ne7 Rd8 26. Nxc6 Rxd3
27. Nxe5 Rxh3+ 28. gxh3 h5 29. Rc8+ Kh7 30. Nc4 Re6 31. Rc7 Kg6 32. Rg1+ 1-0

[Event "9eme Open International de La Fere"]
[Site "La Fere (FRA)"]
[Date "2010.??.??"]
[Round "6.22"]
[White "Rouffignac, Marie"]
[Black "Sivertsen, Aage"]
[Result "1/2-1/2"]
[WhiteElo "1537"]
[BlackElo "1876"]
[PlyCount "69"]
[EventDate "2010.07.07"]

1. e4 d5 2. exd5 Qxd5 3. Nc3 Qa5 4. d4 c6 5. Nf3 Bg4 6. Be2 e6 7. O-O Nd7 8.
Bf4 Ngf6 9. Ne5 Bxe2 10. Qxe2 Be7 11. Nxd7 Nxd7 12. Rfe1 O-O 13. Ne4 Nf6 14. c3
Nxe4 15. Qxe4 Bf6 16. Be5 Bxe5 17. Qxe5 Qxe5 18. Rxe5 Rfd8 19. f4 Rd5 20. Rxd5
exd5 21. Re1 Kf8 22. Kf2 f6 23. f5 Rc8 24. Re6 Re8 25. Re3 Re7 26. Ke2 b6 27.
b3 Rxe3+ 28. Kxe3 Ke7 29. c4 Kd6 30. Kd3 c5 31. a3 a6 32. a4 Kc6 33. Kc3 Kd6
34. Kd3 Kc6 35. Kc3 1/2-1/2

[Event "9eme Open International de La Fere"]
[Site "La Fere (FRA)"]
[Date "2010.??.??"]
[Round "6.23"]
[White "Cardon, Pierre"]
[Black "Delias, Gerard"]
[Result "1-0"]
[WhiteElo "1871"]
[BlackElo "1512"]
[PlyCount "65"]
[EventDate "2010.07.07"]

1. d4 Nf6 2. c4 e6 3. Nc3 Bb4 4. Qc2 c5 5. e3 O-O 6. Bd3 d5 7. Nge2 Nc6 8. cxd5
exd5 9. a3 c4 10. Bf5 Bxf5 11. Qxf5 Ba5 12. O-O Re8 13. Rb1 Bxc3 14. bxc3 Na5
15. Rb4 b6 16. a4 Rb8 17. f3 Nb3 18. Kf2 Qe7 19. Re1 a6 20. Qc2 Nh5 21. Ng3 Nf4
22. Rd1 Nxc1 23. Qxc1 Nd3+ 24. Rxd3 cxd3 25. Qd2 Qc7 26. Qxd3 Rec8 27. Ne2 a5
28. Rb5 Qd7 29. Qb1 Qd8 30. g3 g6 31. Qb3 Rc4 32. Nf4 Qd7 33. Nxd5 1-0

[Event "9eme Open International de La Fere"]
[Site "La Fere (FRA)"]
[Date "2010.??.??"]
[Round "6.24"]
[White "Boudier, Eric"]
[Black "Pottier, Philippe"]
[Result "1-0"]
[WhiteElo "1862"]
[BlackElo "1480"]
[PlyCount "75"]
[EventDate "2010.07.07"]

1. Nc3 d5 2. e4 c6 3. h3 e5 4. Nf3 Nf6 5. exd5 e4 6. Nh2 cxd5 7. d4 Bb4 8. Be2
O-O 9. O-O Bf5 10. Bd2 Nc6 11. Nb1 Bd6 12. c3 Qd7 13. Ng4 Kh8 14. Bg5 Nxg4 15.
Bxg4 Bxg4 16. Qxg4 Qxg4 17. hxg4 Rae8 18. Re1 f5 19. gxf5 Rxf5 20. Be3 Ref8 21.
Nd2 Bf4 22. Rf1 Bxe3 23. fxe3 Rxf1+ 24. Rxf1 Rxf1+ 25. Kxf1 Na5 26. Kf2 Kg8 27.
Kg3 Nc6 28. b3 b5 29. Kf4 Kf8 30. c4 bxc4 31. bxc4 dxc4 32. Nxc4 Nb4 33. a3 Nc2
34. Kxe4 Ke7 35. a4 h5 36. Ne5 Kd6 37. g3 a5 38. Nc4+ 1-0

[Event "9eme Open International de La Fere"]
[Site "La Fere (FRA)"]
[Date "2010.??.??"]
[Round "6.25"]
[White "Paris, Pierre-Julien"]
[Black "Ben Porat, Tal"]
[Result "0-1"]
[WhiteElo "1400"]
[BlackElo "1849"]
[PlyCount "134"]
[EventDate "2010.07.07"]

1. e4 e6 2. d4 d5 3. e5 c5 4. c3 Nc6 5. Nf3 Qb6 6. Bd3 Bd7 7. dxc5 Bxc5 8. O-O
a5 9. a3 Nge7 10. Qc2 Ng6 11. Bg5 Ncxe5 12. Nxe5 Nxe5 13. Bf4 Nxd3 14. Qxd3 Bd6
15. Bxd6 Qxd6 16. Nd2 Qb6 17. Qc2 Rc8 18. a4 d4 19. Rab1 Qc6 20. b3 Qxc3 21.
Qxc3 dxc3 22. Ne4 Ke7 23. Rbc1 Rc7 24. Nxc3 Rhc8 25. Ne2 Rxc1 26. Rxc1 Rxc1+
27. Nxc1 Bc6 28. f3 Bd5 29. Kf2 Kd6 30. Ke3 Kc6 31. Kd4 f6 32. Kd3 g5 33. Kc3
h5 34. Nd3 e5 35. b4 b6 36. h3 e4 37. fxe4 Bxe4 38. b5+ Kd6 39. g3 Bxd3 40.
Kxd3 Kc5 41. Kc3 f5 42. Kb3 f4 43. gxf4 gxf4 44. Kc3 f3 45. Kd3 Kb4 46. Ke3
Kxa4 47. Kxf3 Kb3 48. Ke3 a4 49. Kd2 Kb2 50. Kd3 a3 51. Kd4 a2 52. Kd5 a1=Q 53.
Kc6 Qa5 54. h4 Kc3 55. Kb7 Qxb5 56. Ka8 Kd4 57. Kb8 Ke4 58. Ka8 Kf4 59. Kb8 Kg4
60. Ka8 Kxh4 61. Kb8 Qd7 62. Ka8 Kg5 63. Kb8 Kf5 64. Ka8 Ke5 65. Kb8 Kd5 66.
Ka8 Kc6 67. Kb8 Qb7# 0-1

[Event "9eme Open International de La Fere"]
[Site "La Fere (FRA)"]
[Date "2010.??.??"]
[Round "6.26"]
[White "Pytel, Krzysztof"]
[Black "Brugge, Rodolphe"]
[Result "1-0"]
[WhiteElo "2360"]
[BlackElo "1240"]
[PlyCount "107"]
[EventDate "2010.07.07"]

1. d4 d5 2. Nf3 Nc6 3. e3 Nf6 4. c4 e6 5. Nc3 Bb4 6. Bd3 O-O 7. O-O Bxc3 8.
bxc3 a6 9. h3 Re8 10. cxd5 Qxd5 11. c4 Qd8 12. Bb2 b6 13. e4 Bb7 14. e5 Nd7 15.
Re1 Nb4 16. Bb1 Nf8 17. a3 Nc6 18. Qe2 Qd7 19. Bd3 a5 20. Rad1 Rad8 21. Be4 Ra8
22. h4 h6 23. h5 Ne7 24. Nd2 Bxe4 25. Nxe4 Rad8 26. Qg4 Kh8 27. Qf4 Nf5 28. Rd3
b5 29. Nc5 Qc6 30. cxb5 Qxb5 31. Bc3 Nd7 32. Rf3 Nxc5 33. dxc5 Qxc5 34. Qa4 Nd4
35. Bxd4 Qxd4 36. Qxa5 c5 37. Rxf7 Rf8 38. Rxf8+ Rxf8 39. Re3 c4 40. Qc3 Rd8
41. Qxd4 Rxd4 42. g3 Rd3 43. Rxd3 cxd3 44. Kf1 Kg8 45. Ke1 Kf7 46. Kd2 g6 47.
hxg6+ Kxg6 48. a4 Kf5 49. a5 Kxe5 50. a6 Kd4 51. a7 e5 52. a8=Q e4 53. Qd8+ Ke5
54. Ke3 1-0

[Event "9eme Open International de La Fere"]
[Site "La Fere (FRA)"]
[Date "2010.07.07"]
[Round "6.28"]
[White "Thomas, Olivier"]
[Black "Van Foreest, Lucas"]
[Result "1-0"]
[WhiteElo "2060"]
[BlackElo "1641"]
[PlyCount "55"]
[EventDate "2010.07.07"]

1. e4 e5 2. Nc3 Bb4 3. Nd5 Ba5 4. b4 Bb6 5. Nxb6 axb6 6. Bc4 Nf6 7. d3 h6 8.
Ne2 O-O 9. f4 exf4 10. Nxf4 d6 11. Bb2 Nc6 12. Ng6 Re8 13. O-O Ne5 14. Nxe5
dxe5 15. Qe1 Re7 16. Qg3 Qd6 17. a3 Bd7 18. Rf2 Rf8 19. Raf1 Nh5 20. Qh4 Nf6
21. Rxf6 gxf6 22. Qxh6 f5 23. Qg5+ Kh8 24. Qh5+ Kg7 25. Qg5+ Kh8 26. Qh5+ Kg7
27. exf5 Qh6 28. f6+ 1-0

[Event "9eme Open International de La Fere"]
[Site "La Fere (FRA)"]
[Date "2010.07.07"]
[Round "6.29"]
[White "Husson, Cybele"]
[Black "Lorente, Philippe"]
[Result "1/2-1/2"]
[WhiteElo "2040"]
[BlackElo "1632"]
[PlyCount "50"]
[EventDate "2010.07.07"]

1. e4 c6 2. d4 d5 3. Nd2 dxe4 4. Nxe4 Bf5 5. Ng3 Bg6 6. h4 h6 7. h5 Bh7 8. Nf3
Nd7 9. Bd3 Bxd3 10. Qxd3 Ngf6 11. Bd2 e6 12. O-O-O Be7 13. Ne5 Nxe5 14. dxe5
Qxd3 15. cxd3 Ng4 16. Rhf1 Nxe5 17. Bc3 f6 18. Ne2 Kf7 19. Nf4 Bd6 20. Rde1 c5
21. Re2 Rhe8 22. Rfe1 b5 23. Kb1 a5 24. d4 cxd4 25. Bxd4 Ra6 1/2-1/2

[Event "9eme Open International de La Fere"]
[Site "La Fere (FRA)"]
[Date "2010.??.??"]
[Round "6.31"]
[White "Derigny, Philippe"]
[Black "Meuriot, Philippe"]
[Result "1-0"]
[WhiteElo "1986"]
[BlackElo "1561"]
[PlyCount "79"]
[EventDate "2010.07.07"]

1. e4 e6 2. d4 d5 3. Nc3 Nf6 4. e5 Nfd7 5. Nce2 c5 6. c3 Nc6 7. f4 Be7 8. Nf3
O-O 9. g3 f6 10. Bh3 Nb6 11. O-O Bd7 12. Kg2 Rc8 13. a3 cxd4 14. cxd4 Qc7 15.
b3 a5 16. Bb2 a4 17. b4 Nc4 18. Bc1 b5 19. Bd2 Qb6 20. Kh1 Rc7 21. Bc1 Rfc8 22.
Rb1 Nd8 23. Qd3 Qc6 24. Rd1 Nb6 25. Bf1 Qc2 26. Ne1 Qxd3 27. Nxd3 Nf7 28. Nc5
fxe5 29. fxe5 Nc4 30. Nc3 Bxc5 31. bxc5 Rb8 32. Bxc4 dxc4 33. Nxa4 b4 34. Nb6
c3 35. Rxb4 c2 36. Re1 Nd8 37. Re2 Bc6+ 38. Kg1 Bf3 39. Rxc2 Nc6 40. Rcc4 1-0

[Event "9eme Open International de La Fere"]
[Site "La Fere (FRA)"]
[Date "2010.??.??"]
[Round "6.32"]
[White "Vernede, Victor"]
[Black "Vandervorst, Marc"]
[Result "1/2-1/2"]
[WhiteElo "1671"]
[BlackElo "1865"]
[PlyCount "137"]
[EventDate "2010.07.07"]

1. d4 g6 2. c4 Bg7 3. Nf3 c6 4. Bf4 Qb6 5. Qd2 c5 6. Bxb8 Rxb8 7. e3 d6 8. Nc3
Nf6 9. Bd3 Bg4 10. dxc5 dxc5 11. Ne5 O-O 12. h3 Be6 13. Qc2 Nd7 14. Nf3 Ne5 15.
Nxe5 Bxe5 16. O-O Rbd8 17. Rfd1 a6 18. a3 Qc7 19. Ne4 Bg7 20. Rab1 Bc8 21. b4
cxb4 22. axb4 Qe5 23. b5 f5 24. f4 Qc7 25. Nc3 Qc5 26. Kf2 a5 27. Na4 Qa3 28.
Qb3 Qxb3 29. Rxb3 Be6 30. Ke2 Rd6 31. Nc5 b6 32. Nxe6 Rxe6 33. c5 Ref6 34. Bc4+
Kh8 35. c6 Rc8 36. Rd7 Rd6 37. Rxe7 Bf8 38. Re6 Rxe6 39. Bxe6 Rc7 40. Rd3 Kg7
41. g4 Kf6 42. Bc4 h6 43. Rd5 Bc5 44. Kf3 a4 45. e4 fxe4+ 46. Kxe4 Re7+ 47. Re5
Rxe5+ 48. fxe5+ Ke7 49. Bf7 a3 50. Ba2 Bb4 51. Kd5 Bc5 52. c7 Kd7 53. c8=Q+
Kxc8 54. Ke6 Kd8 55. Kf7 g5 56. Kg6 Ke7 57. Kxh6 Be3 58. Kh5 Bf4 59. e6 Kf6 60.
h4 gxh4 61. Kxh4 Bd6 62. Kh5 Bf8 63. Kh4 Bh6 64. Kg3 Bg5 65. Kf3 Ke5 66. Ke2
Kf4 67. Kd3 Kxg4 68. Ke4 Be7 69. Kd5 1/2-1/2

[Event "9eme Open International de La Fere"]
[Site "La Fere (FRA)"]
[Date "2010.??.??"]
[Round "6.33"]
[White "Pruvost, Alain"]
[Black "Daniel, Antoine"]
[Result "1/2-1/2"]
[WhiteElo "1623"]
[BlackElo "1863"]
[PlyCount "52"]
[EventDate "2010.07.07"]

1. b4 e6 2. Bb2 Nf6 3. b5 b6 4. c4 Bb7 5. e3 d5 6. Nf3 a6 7. a4 axb5 8. axb5
Nbd7 9. cxd5 Nxd5 10. Nc3 Nxc3 11. Bxc3 Nf6 12. Rxa8 Qxa8 13. Be2 Be7 14. O-O
O-O 15. Qa1 Qxa1 16. Rxa1 Ne4 17. Ra7 Nxc3 18. dxc3 Rb8 19. Ne5 Bd6 20. Nd7 Rd8
21. Rxb7 Rxd7 22. Rb8+ Bf8 23. Rc8 g6 24. g3 Kg7 25. Kg2 Rd2 26. Kf3 Bd6
1/2-1/2

[Event "9eme Open International de La Fere"]
[Site "La Fere (FRA)"]
[Date "2010.??.??"]
[Round "6.34"]
[White "Tawegoum, Ivan"]
[Black "Molet, Asher"]
[Result "0-1"]
[WhiteElo "1601"]
[BlackElo "1830"]
[PlyCount "64"]
[EventDate "2010.07.07"]

1. e4 c5 2. Nf3 Nc6 3. Bc4 e6 4. O-O Nf6 5. Re1 d6 6. c3 Be7 7. d4 O-O 8. e5
Nd5 9. Bxd5 exd5 10. Be3 dxe5 11. dxe5 Bg4 12. Bf4 Qd7 13. Qd3 Bf5 14. Qd2 Rad8
15. Na3 a6 16. Nc2 h6 17. Ne3 Be4 18. Kh1 Qe6 19. Qe2 Qg6 20. Rg1 d4 21. cxd4
cxd4 22. Nf1 Nb4 23. Ng3 Bd3 24. Qd2 Nc2 25. e6 f6 26. Rac1 Rc8 27. h3 Rc6 28.
Nh4 Qh7 29. Nh5 Bb4 30. Qd1 Rxe6 31. Ng3 Rfe8 32. Qf3 g5 0-1

[Event "9eme Open International de La Fere"]
[Site "La Fere (FRA)"]
[Date "2010.??.??"]
[Round "6.35"]
[White "Poulain, Andre"]
[Black "Calonne, Pascal"]
[Result "1-0"]
[WhiteElo "1815"]
[BlackElo "1559"]
[PlyCount "73"]
[EventDate "2010.07.07"]

1. e4 c5 2. Nc3 e6 3. f4 d6 4. Bb5+ Bd7 5. Bxd7+ Nxd7 6. Nf3 h6 7. d3 Ngf6 8.
O-O Be7 9. Qe1 O-O 10. Qg3 Kh8 11. Bd2 a6 12. f5 e5 13. Qh3 Nh7 14. Nd5 Ng5 15.
Qg4 Nxf3+ 16. Rxf3 Bg5 17. Bxg5 Qxg5 18. Qxg5 hxg5 19. f6 gxf6 20. Nxf6 Nxf6
21. Rxf6 Rad8 22. Raf1 Kg7 23. h3 b5 24. b3 a5 25. Kh2 Rd7 26. Kg3 Re8 27. Kg4
Re6 28. Kxg5 Rxf6 29. Rxf6 b4 30. h4 d5 31. h5 dxe4 32. h6+ Kh7 33. dxe4 Re7
34. Kf5 Rd7 35. g4 Rd2 36. Rxf7+ Kh8 37. Kg6 1-0

[Event "9eme Open International de La Fere"]
[Site "La Fere (FRA)"]
[Date "2010.07.07"]
[Round "6.36"]
[White "Lever, Erwan"]
[Black "Navel, Jean-Yves"]
[Result "0-1"]
[WhiteElo "1595"]
[BlackElo "1776"]
[PlyCount "56"]
[EventDate "2010.07.07"]

1. d4 Nf6 2. Nf3 d5 3. Bf4 e6 4. e3 Bd6 5. Bg3 O-O 6. c4 c6 7. Nc3 Re8 8. Bd3
a6 9. O-O Bxg3 10. hxg3 Nbd7 11. e4 dxe4 12. Nxe4 Nxe4 13. Bxe4 Nf6 14. Re1 Qb6
15. Qc2 c5 16. Rad1 h6 17. a3 cxd4 18. Rxd4 Bd7 19. c5 Qc7 20. b4 Bc6 21. Bxc6
Qxc6 22. Rd6 Qc7 23. Red1 Rac8 24. Ne5 Nd5 25. Rd7 Qxe5 26. Rxb7 Rc6 27. Qa4
Rec8 28. Rc1 Nc3 0-1

[Event "9eme Open International de La Fere"]
[Site "La Fere (FRA)"]
[Date "2010.??.??"]
[Round "6.37"]
[White "Duquenne, Eddy"]
[Black "Biniaux, Michael"]
[Result "0-1"]
[WhiteElo "1520"]
[BlackElo "1772"]
[PlyCount "76"]
[EventDate "2010.07.07"]

1. d4 d5 2. c4 c6 3. e3 Nf6 4. Nf3 Bg4 5. Bd3 Nbd7 6. Nbd2 e5 7. dxe5 Nxe5 8.
Be2 Nxf3+ 9. Bxf3 Bxf3 10. Nxf3 Bb4+ 11. Bd2 Bxd2+ 12. Qxd2 dxc4 13. Rd1 Qxd2+
14. Rxd2 Nd5 15. O-O c3 16. bxc3 Nxc3 17. Rc2 Ne4 18. Rb1 Rd8 19. Kf1 Nd6 20.
Nd4 O-O 21. f3 Rfe8 22. Kf2 f5 23. g3 Kf7 24. Rb3 Rd7 25. Ne2 Re5 26. Nd4 c5
27. Nb5 Nxb5 28. Rxb5 b6 29. Ke2 Red5 30. Rb1 Rd3 31. h4 c4 32. a4 Re7 33. Rxc4
Rexe3+ 34. Kf2 Rxf3+ 35. Kg2 Rxg3+ 36. Kh2 Rh3+ 37. Kg2 Rhe3 38. Rb2 Re4 0-1

[Event "9eme Open International de La Fere"]
[Site "La Fere (FRA)"]
[Date "2010.??.??"]
[Round "6.38"]
[White "Brobecker, Alain"]
[Black "Degraeve, Thomas"]
[Result "1-0"]
[WhiteElo "1767"]
[BlackElo "1540"]
[PlyCount "53"]
[EventDate "2010.07.07"]

1. g3 d5 2. Bg2 Nf6 3. Nf3 h6 4. d4 c6 5. Nc3 Bf5 6. O-O e6 7. Re1 Be7 8. Bf4
O-O 9. Nd2 Nbd7 10. e4 Bh7 11. e5 Ne8 12. Ne2 a5 13. a4 Qb6 14. Nb3 c5 15. Qc1
c4 16. Nd2 Nc7 17. c3 Rfb8 18. h4 Qc6 19. Nf3 b5 20. axb5 Qxb5 21. Ra2 Qb3 22.
Qa1 a4 23. Bc1 Ra7 24. Nf4 Rba8 25. Nd2 Qc2 26. b4 Qf5 27. Bh3 1-0

[Event "9eme Open International de La Fere"]
[Site "La Fere (FRA)"]
[Date "2010.??.??"]
[Round "6.39"]
[White "Van Poucke, Guy"]
[Black "Swiercz, Sonia"]
[Result "0-1"]
[WhiteElo "1450"]
[BlackElo "1762"]
[PlyCount "110"]
[EventDate "2010.07.07"]

1. e4 c5 2. Nf3 e6 3. d4 cxd4 4. Nxd4 a6 5. Nc3 Qc7 6. Bd3 Nf6 7. Bg5 Be7 8.
Bxf6 Bxf6 9. Nf3 Nc6 10. O-O b5 11. a3 Bb7 12. Qd2 Ne5 13. Qe2 Nxd3 14. cxd3
O-O 15. Rac1 Qf4 16. g3 Qh6 17. e5 Bxf3 18. Qxf3 Bxe5 19. Rce1 d6 20. Re4 f5
21. Rh4 Qg6 22. Ne2 Rac8 23. Nf4 Bxf4 24. Qxf4 e5 25. Qf3 Rc2 26. Qd5+ Kh8 27.
f4 exf4 28. Rhxf4 h6 29. b3 Qh5 30. R1f2 Rxf2 31. Rxf2 Qd1+ 32. Kg2 Rf6 33. b4
g6 34. Qf3 Qxf3+ 35. Kxf3 Re6 36. Rc2 d5 37. Rc5 d4 38. Kf4 Re3 39. Rc6 Rxd3
40. Rxg6 Rxa3 41. Rxh6+ Kg7 42. Rd6 d3 43. Kxf5 Rb3 44. Ke4 Rxb4+ 45. Kxd3 a5
46. Rb6 a4 47. Kc2 a3 48. Kc3 Rb2 49. Ra6 b4+ 50. Kc4 a2 51. Ra4 b3 52. Kc3 Rb1
53. Ra3 a1=Q+ 54. Rxa1 Rxa1 55. Kxb3 Rh1 0-1

[Event "9eme Open International de La Fere"]
[Site "La Fere (FRA)"]
[Date "2010.??.??"]
[Round "6.40"]
[White "Tivol, Thierry"]
[Black "Gosset, Hugo"]
[Result "1/2-1/2"]
[WhiteElo "1740"]
[BlackElo "1400"]
[PlyCount "75"]
[EventDate "2010.07.07"]

1. e4 e5 2. Nf3 Nc6 3. Bb5 d6 4. O-O Bd7 5. d3 a6 6. Ba4 Nf6 7. c3 b5 8. Bc2
Bg4 9. h3 Bh5 10. Be3 Qd7 11. d4 exd4 12. cxd4 Nb4 13. Nbd2 Qc6 14. a3 Nxc2 15.
Rc1 Nxe3 16. fxe3 Qb6 17. Qb3 Be7 18. e5 dxe5 19. Nxe5 O-O 20. g4 Bg6 21. Rc6
Qb7 22. h4 Nxg4 23. Nxg6 hxg6 24. Rxg6 Nf6 25. Rg2 Qd5 26. Qc2 Rac8 27. Rf5 Qe6
28. e4 Kh8 29. d5 Qb6+ 30. Kh1 Qe3 31. Rf3 Qc5 32. Qd1 c6 33. e5 Nxd5 34. Ne4
Qc4 35. Ng5 Qxh4+ 36. Rh2 Qxh2+ 37. Kxh2 Bxg5 38. Qe1 1/2-1/2

[Event "9eme Open International de La Fere"]
[Site "La Fere (FRA)"]
[Date "2010.??.??"]
[Round "6.41"]
[White "Brugge, Bruno"]
[Black "Remy, Camille"]
[Result "1-0"]
[WhiteElo "1730"]
[BlackElo "1360"]
[PlyCount "55"]
[EventDate "2010.07.07"]

1. c4 e5 2. Nc3 Nf6 3. g3 Nc6 4. Bg2 Bc5 5. d3 d6 6. Nf3 Be6 7. Bg5 Qd7 8. Bxf6
gxf6 9. Ne4 Qe7 10. Nxc5 dxc5 11. O-O O-O-O 12. a3 Kb8 13. Qb3 b6 14. Qc3 Rhg8
15. Rfb1 Qd6 16. b4 cxb4 17. axb4 Kc8 18. b5 Nb8 19. Rxa7 Rd7 20. Nd2 Kd8 21.
Ne4 Qe7 22. Ra8 Kc8 23. Qa1 c6 24. bxc6 Rc7 25. Qa6+ Kd8 26. Rxb8+ Bc8 27.
R1xb6 h6 28. Rb5 1-0

[Event "9eme Open International de La Fere"]
[Site "La Fere (FRA)"]
[Date "2010.07.07"]
[Round "6.42"]
[White "Brelot, Loic"]
[Black "Bouguettouche, Didier"]
[Result "1-0"]
[WhiteElo "1706"]
[BlackElo "1380"]
[PlyCount "69"]
[EventDate "2010.07.07"]

1. d4 d5 2. c4 dxc4 3. Nc3 Bf5 4. e4 Bg6 5. Bxc4 e6 6. Nf3 Bb4 7. Qc2 Bd6 8.
O-O c5 9. Bg5 f6 10. Be3 cxd4 11. Bxd4 Bh5 12. Bxe6 Bxf3 13. gxf3 Bxh2+ 14.
Kxh2 Qxd4 15. Qa4+ Qxa4 16. Nxa4 Nd7 17. Rac1 Kd8 18. Rfd1 Ke7 19. Bxd7 Rd8 20.
Bh3 g5 21. Rc7+ Ke8 22. Rxd8+ Kxd8 23. Rxb7 h5 24. Bf5 g4 25. fxg4 hxg4+ 26.
Kg3 Nh6 27. Rb8+ Ke7 28. Rxh8 Nxf5+ 29. exf5 a5 30. Kxg4 Kf7 31. Nc5 a4 32. b4
axb3 33. axb3 Kg7 34. Ra8 Kh6 35. b4 1-0

[Event "9eme Open International de La Fere"]
[Site "La Fere (FRA)"]
[Date "2010.??.??"]
[Round "6.43"]
[White "Agneray, Camille"]
[Black "Dernoncourt, Christophe"]
[Result "0-1"]
[WhiteElo "1420"]
[BlackElo "1706"]
[PlyCount "126"]
[EventDate "2010.07.07"]

1. e4 e6 2. d4 d5 3. e5 c5 4. Nf3 Nc6 5. Be3 Qb6 6. Nc3 Qxb2 7. Na4 Qa3 8. c3
c4 9. Bc1 Qe7 10. Qc2 h6 11. Be2 b5 12. Nb2 a5 13. a3 Qb7 14. O-O Rb8 15. Nd1
Bd7 16. Bd2 b4 17. axb4 axb4 18. cxb4 Bxb4 19. Ne3 Bxd2 20. Qxd2 Nge7 21. Qc2
O-O 22. Rfd1 Rfc8 23. Rdb1 Qc7 24. Qc3 Rxb1+ 25. Rxb1 Rb8 26. Rb2 Qa7 27. Rxb8+
Qxb8 28. Qa3 Qa7 29. Qb2 Bc8 30. g3 Ba6 31. Qc3 Qb6 32. Kg2 Qa5 33. Qxa5 Nxa5
34. Nc2 Nec6 35. Na1 Nb4 36. Ne1 Nb3 37. Nac2 Nxc2 38. Nxc2 f6 39. f4 Kf7 40.
Kf3 Bb5 41. Ke3 Ba4 42. h4 c3 43. Bd1 Nd2 44. Ke2 Ne4 45. Kf3 Kg6 46. g4 Kf7
47. Ke3 Ke7 48. Kf3 g6 49. Ke3 f5 50. g5 h5 51. Ke2 Kd7 52. Ne3 Bxd1+ 53. Kxd1
Kc6 54. Kc2 Kb5 55. Kb3 Ka5 56. Nd1 Nd2+ 57. Kc2 Nf3 58. Kxc3 Nxh4 59. Ne3 Nf3
60. Nf1 h4 61. Kd3 Kb4 62. Ke3 Ne1 63. Kd2 Ng2 0-1

[Event "9eme Open International de La Fere"]
[Site "La Fere (FRA)"]
[Date "2010.07.07"]
[Round "6.44"]
[White "Nesztler, Lambert"]
[Black "Matschek, Norbert"]
[Result "0-1"]
[WhiteElo "1210"]
[BlackElo "1683"]
[PlyCount "114"]
[EventDate "2010.07.07"]

1. e4 g6 2. d4 Bg7 3. Nf3 d6 4. Bc4 c6 5. O-O b5 6. Bb3 a5 7. c3 a4 8. Bc2 Nh6
9. h3 f5 10. e5 d5 11. Ng5 Nf7 12. Nxf7 Kxf7 13. Bg5 h6 14. Bf4 g5 15. Bh2 h5
16. Nd2 e6 17. Nf3 g4 18. Ng5+ Qxg5 19. f4 Qg6 20. h4 g3 21. Bxg3 Qxg3 22. Qf3
Qxh4 23. Qh3 Qxh3 24. gxh3 Bd7 25. Rf2 Na6 26. Rg2 Rhg8 27. Kh2 Bh6 28. Kh1
Rxg2 29. Kxg2 Bxf4 30. Rg1 Rg8+ 31. Kh1 Rxg1+ 32. Kxg1 Be8 33. Kg2 h4 34. Bd1
Kg7 35. Kf3 Bc1 36. b3 Bh5+ 37. Kf2 Bxd1 38. Ke1 Bc2 39. Kf2 axb3 40. axb3 Bxb3
41. Ke2 Bc2 42. Kf2 Bd2 43. Ke2 Bxc3 44. Ke3 Bb1 45. Ke2 Bxd4 46. Kd2 Bxe5 47.
Ke3 c5 48. Kd2 c4 49. Kc1 Be4 50. Kd2 b4 51. Ke3 c3 52. Ke2 c2 53. Kd2 b3 54.
Kc1 b2+ 55. Kd2 c1=Q+ 56. Ke2 Qc2+ 57. Ke1 b1=Q# 0-1

[Event "9eme Open International de La Fere"]
[Site "La Fere (FRA)"]
[Date "2010.??.??"]
[Round "6.45"]
[White "Alloui-Cros, Baptiste"]
[Black "Soveaux, Jean"]
[Result "0-1"]
[WhiteElo "1510"]
[BlackElo "1932"]
[PlyCount "172"]
[EventDate "2010.07.07"]

1. d4 d5 2. c4 Nf6 3. Nc3 e6 4. Bg5 Be7 5. Nf3 Nbd7 6. cxd5 Nxd5 7. Bxe7 Qxe7
8. Nxd5 exd5 9. e3 O-O 10. Qc2 c6 11. Bd3 g6 12. O-O f6 13. Rfc1 Rf7 14. a3 Nf8
15. b4 a6 16. Rab1 Bd7 17. a4 Rc8 18. Qc5 Qd8 19. Rb2 Be8 20. b5 Ne6 21. Qc3
axb5 22. axb5 c5 23. b6 Rc6 24. Bb5 cxd4 25. Qd2 Rxc1+ 26. Qxc1 Bxb5 27. Rxb5
dxe3 28. fxe3 Qd7 29. Rb2 Qd6 30. Qd2 Rd7 31. Rb4 Nc5 32. Qd4 Ne4 33. Rb1 Qc6
34. h3 Qd6 35. Rc1 Rd8 36. Rc7 Rd7 37. Qd3 Kg7 38. Qc2 Qe7 39. Rxd7 Qxd7 40.
Qc7 Qf7 41. Nd4 g5 42. Ne6+ Kg6 43. Nd8 Qxc7 44. bxc7 Nd6 45. Nxb7 Nc8 46. Kf2
h5 47. Ke2 Kf5 48. Kd3 Ke5 49. Nc5 f5 50. Nd7+ Ke6 51. Nf8+ Kd6 52. Kd4 g4 53.
hxg4 fxg4 54. e4 h4 55. e5+ Kxc7 56. Ne6+ Kd7 57. Ng5 Ne7 58. Kc5 Nf5 59. Kxd5
Ne3+ 60. Ke4 Nxg2 61. Kf5 h3 62. Kf6 Nf4 63. Kf5 h2 64. Kxf4 h1=Q 65. Kxg4 Qg2+
66. Kf5 Qf2+ 67. Ke4 Qh4+ 68. Kf5 Qf2+ 69. Ke4 Qc2+ 70. Kf4 Ke7 71. Ne4 Qc4 72.
Ke3 Ke6 73. Kf4 Qf1+ 74. Ke3 Kxe5 75. Nd2 Qf4+ 76. Kd3 Kd5 77. Kc3 Qe3+ 78. Kc2
Kd4 79. Nb3+ Kc4 80. Nd2+ Kb4 81. Nb1 Qe4+ 82. Kc1 Qe3+ 83. Kd1 Kb3 84. Nd2+
Kc3 85. Nb1+ Kd3 86. Nc3 Qd2# 0-1